000 00228 a2200097 4500
001 59154
100 _a
245 _aSheep : quranic stories for childrens
260 _aKarachi
_bChildren Books Pub
_c2008
090 _c36230
_d36230
942 _aNUST-CAE
_c
_c29148
999 _c294227
_d294227